Irish Plays and Playwrights (Record no. 248283)
[ view plain ]
| 000 -LEADER | |
|---|---|
| fixed length control field | 01398cam a22002773a 4500 |
| 001 - CONTROL NUMBER | |
| control field | 19028 |
| 003 - CONTROL NUMBER IDENTIFIER | |
| control field | PGUSA |
| 005 - DATE AND TIME OF LATEST TRANSACTION | |
| control field | 20140828083414.0 |
| 008 - FIXED-LENGTH DATA ELEMENTS--GENERAL INFORMATION | |
| fixed length control field | 060811s2006||||xxu|||||s|||||000 d eng d |
| 040 ## - CATALOGING SOURCE | |
| Original cataloging agency | PGUSA |
| Language of cataloging | eng |
| 042 ## - AUTHENTICATION CODE | |
| Authentication code | dc |
| 050 #4 - LIBRARY OF CONGRESS CALL NUMBER | |
| Classification number | PR |
| 100 1# - MAIN ENTRY--PERSONAL NAME | |
| Personal name | Weygandt, Cornelius, |
| Dates associated with a name | 1871-1957 |
| 245 10 - TITLE STATEMENT | |
| Title | Irish Plays and Playwrights |
| Medium | [electronic resource] / |
| Statement of responsibility, etc | Cornelius Weygandt |
| 260 ## - PUBLICATION, DISTRIBUTION, ETC. (IMPRINT) | |
| Name of publisher, distributor, etc | Project Gutenberg, |
| Date of publication, distribution, etc | 2006 |
| 505 0# - FORMATTED CONTENTS NOTE | |
| Formatted contents note | The Celtic renaissance -- The players and their plays, their audience and their art -- Mr. William Butler Yeats -- Mr. Edward Martyn and Mr. George Moore -- Mr. George W. Russell ("A. E.") -- Lady Gregory -- John Millington Synge -- The younger dramatists: Mr. Padraic Colum; Mr. William Boyle; Mr. T.C. Murray; Mr. S. Lennox Robinson; Mr. Rutherford Mayne; "Norreys Connnell"; Mr. St. John G. Ervine; Mr. Joseph Campbell -- William Sharp ("Fiona Macleod") -- Appendix: Plays produced, in Dublin, by the Abbey Theatre company and its predecessors. |
| 506 ## - RESTRICTIONS ON ACCESS NOTE | |
| Terms governing access | Public domain in the USA. |
| 516 ## - TYPE OF COMPUTER FILE OR DATA NOTE | |
| Type of computer file or data note | Electronic text |
| 653 ## - INDEX TERM--UNCONTROLLED | |
| Uncontrolled term | English drama -- Irish authors -- History and criticism |
| 653 ## - INDEX TERM--UNCONTROLLED | |
| Uncontrolled term | Theater -- Ireland -- Dublin -- History |
| 653 ## - INDEX TERM--UNCONTROLLED | |
| Uncontrolled term | Dramatists, Irish -- Biography |
| 653 ## - INDEX TERM--UNCONTROLLED | |
| Uncontrolled term | Irish drama -- History and criticism |
| 830 #0 - SERIES ADDED ENTRY--UNIFORM TITLE | |
| Uniform title | Project Gutenberg |
| Volume number/sequential designation | 19028 |
| 856 40 - ELECTRONIC LOCATION AND ACCESS | |
| Uniform Resource Identifier | <a href="http://www.gutenberg.org/ebooks/19028">http://www.gutenberg.org/ebooks/19028</a> |
| 942 ## - ADDED ENTRY ELEMENTS (KOHA) | |
| Koha item type | eBooks |
| Withdrawn status | Lost status | Damaged status | Home library | Current library | Date acquired | Total Checkouts | Date last seen | Price effective from | Koha item type |
|---|---|---|---|---|---|---|---|---|---|
| Project Gutenberg | Project Gutenberg | 08/28/2014 | 08/28/2014 | 08/28/2014 | eBooks |